MARC

LEADER 00000nam0a2200000 4500
001 147562
005 20231031145108.0
010 |a 5750912957 
035 |a (RuTPU)RU\TPU\book\159949 
090 |a 147562 
100 |a 20081117d1990 m y0rusy50 ca 
101 0 |a rus 
102 |a RU 
105 |a a z 000ay 
200 1 |a Факел гонца  |e исторический роман  |f В. А. Потапов  |g худож. В. И. Паньков 
210 |a Ростов-на-Дону  |c Ростовское книжное изд-во  |d 1990 
215 |a 528 с.  |c ил. 
225 1 |a Историческая библиотека "Стремя" 
610 1 |a советская литература 
610 1 |a исторические романы 
675 |a Р2  |v 3 
700 1 |a Потапов  |b В. А.  |g Владимир Алексеевич 
702 1 |a Паньков  |b В. И.  |4 440 
801 1 |a RU  |b 63413507  |c 20081117  |g PSBO 
942 |c BK